000 00574nam a2200181Ia 4500
005 20250326125205.0
008 250326s9999 xx 000 0 und d
037 _aTextbook
040 _aFMSL
_beng
_cFMSL
041 _aeng
_2eng
084 _aX:97D.56'K8t K9
_qFMSL
100 _aDonovan H L
_9738625
245 0 _aRoyal commission on trade unions and employers' associations 1965-1968
_cDonovan H L
260 _aLondon
_bLondon, Her Majesty's Stationery Office
_c1969
300 _a352p
942 _cTB
_hX:97D.56'K8t K9
999 _c1276939
_d1276939